000 00810nam a22002297a 4500
005 20120604152910.0
008 120604t xxu||||| |||| 00| 0 eng d
010 _aENG-105424
020 _a9789381335086
_c275.00
035 _aEN-88957
037 _bDBAD/PUB
040 _aDPL
_bEng
082 _a658
100 _aMaheshwari, Rajendra P.
_948416
245 _aBusiness organisation and management /
_cby Rajendra P. Maheshwari [and] J.P. Mahajan
260 _aNew Delhi
_bInternational Book House
_c2011
270 _a2/42, Ansari Road, Darya Ganj
_bNew Delhi
_e110002
300 _a405p.
_c24cm(pbk)
700 _aMahajan, J.P.
_948427
942 _2ddc
_cEN
_h658
_mMAH
999 _c67495
_d67495